UM Logo

Generalized state-plane analysis of bidirectional CLLC resonant converter / (Record no. 19288)

MARC details
000 -LEADER
fixed length control field 00935nam a22002177a 4500
003 - CONTROL NUMBER IDENTIFIER
control field OSt
005 - DATE AND TIME OF LATEST TRANSACTION
control field 20250911165031.0
008 - FIXED-LENGTH DATA ELEMENTS--GENERAL INFORMATION
fixed length control field 240222b ||||| |||| 00| 0 eng d
040 ## - CATALOGING SOURCE
Transcribing agency 0
082 ## - DEWEY DECIMAL CLASSIFICATION NUMBER
Classification number DPer 621.317 Ie21 May 2022 v. 37 n. 5
100 ## - MAIN ENTRY--PERSONAL NAME
Personal name Rezayati, Mohsen.
Relator term author.
9 (RLIN) 53029
245 ## - TITLE STATEMENT
Title Generalized state-plane analysis of bidirectional CLLC resonant converter /
Statement of responsibility, etc. Mohsen Rezayati, Farzad Tahami, Jean-Luc Schanen, and Benoit Sarrazin.
260 ## - PUBLICATION, DISTRIBUTION, ETC. (IMPRINT)
Place of publication, distribution, etc. New York ;
Name of publisher, distributor, etc. The Institute of Electrical and Electronics Engineers, Inc. ,
Date of publication, distribution, etc. May 2022.
300 ## - PHYSICAL DESCRIPTION
Extent Volume 37, pages 5773-5785 :
Other physical details illustration ;
Dimensions 28 cm.
500 ## - GENERAL NOTE
General note IEEE Transactions on Power Electronics, vol. 37, no. 5, pages 5773-5785, May 2022.
700 ## - ADDED ENTRY--PERSONAL NAME
Personal name Rezayati, Mohsen.
Relator term author.
9 (RLIN) 53029
700 ## - ADDED ENTRY--PERSONAL NAME
Personal name Tahami, Farzad.
Relator term author.
9 (RLIN) 53030
700 ## - ADDED ENTRY--PERSONAL NAME
Personal name Schanen, Jean-Luc.
Relator term author.
9 (RLIN) 53031
700 ## - ADDED ENTRY--PERSONAL NAME
Personal name Sarrazin, Benoit.
Relator term author.
9 (RLIN) 53032
942 ## - ADDED ENTRY ELEMENTS (KOHA)
Source of classification or shelving scheme Dewey Decimal Classification
Koha item type Periodicals
Holdings
Withdrawn status Lost status Source of classification or shelving scheme Damaged status Not for loan Collection code Home library Current library Date acquired Total Checkouts Full call number Date last seen Price effective from Koha item type Public note
    Dewey Decimal Classification     Periodicals UM Digos College - LIC UM Digos College - LIC 02/22/2024   DPer 621.317 Ie21 May 2022 v. 37 n. 5 02/22/2024 02/22/2024 Periodicals Luwila